[Event "DSOL 04 Liga Gr-D 1st"]
[Site "Playchess.com INT"]
[Date "2020.08.05"]
[Round "7.4"]
[White "Neitsch, Helge"]
[Black "Nathe, Nico"]
[Result "1-0"]
[WhiteElo "1794"]
[BlackElo "1418"]
[PlyCount "53"]
[EventDate "2020.06.22"]
[EventType "team-tourn (rapid)"]
[EventCountry "GER"]
[SourceTitle "EXT 2021"]
[Source "ChessBase"]
[SourceDate "2020.10.23"]
[SourceVersion "1"]
[SourceVersionDate "2020.10.23"]
[SourceQuality "1"]
[WhiteTeam "Berlin Nord Ost"]
[BlackTeam "Eving SV Rochade"]
[WhiteTeamCountry "GER"]
[BlackTeamCountry "GER"]

1. e4 c5 2. Nf3 Nc6 3. Nc3 d6 4. d4 cxd4 5. Nxd4 g6 6. Be3 Bg7 7. Qd2 Nf6 8. f3 0-0 9. g4 Nxd4 10. Bxd4 b6 11. h4 e5 12. Be3 Be6 13. 0-0-0 h5 14. gxh5 Nxh5 15. Bh3 Re8 16. Qxd6 Qf6 17. Bg5 Qxf3 18. Rdf1 Qg3 19. Bxe6 Rxe6 20. Qd7 Nf6 21. Bxf6 Bxf6 22. h5 Qe3+ 23. Kb1 Qd4 24. Qb7 Rd8 25. hxg6 fxg6 26. Qh7+ Kf8 27. Qxg6 1-0

[Event "Dortmund Sparkassen op-C 47th"]
[Site "Dortmund"]
[Date "2019.07.13"]
[Round "1"]
[White "Nathe, Nico"]
[Black "Manoj, Medha"]
[Result "1-0"]
[WhiteElo "1367"]
[BlackElo "1042"]
[PlyCount "67"]
[EventDate "2019.07.13"]
[EventType "swiss"]
[EventRounds "9"]
[EventCountry "GER"]
[SourceTitle "CBM 192 Extra"]
[Source "Chessbase"]
[SourceDate "2019.11.06"]
[SourceVersion "1"]
[SourceVersionDate "2019.11.06"]
[SourceQuality "1"]

1. d4 d5 2. c4 e6 3. Nc3 Nf6 4. e3 Nc6 5. Nf3 Bb4 6. Bd2 Bd7 7. Be2 Na5 8. c5 Nc6 9. a3 Ba5 10. b4 Bb6 11. cxb6 axb6 12. 0-0 0-0 13. Qb3 Ng4 14. Nb5 Qf6 15. Nxc7 Rac8 16. Nb5 Qh6 17. e4 dxe4 18. Bxh6 Nxh6 19. Ng5 Nf5 20. d5 Ne5 21. dxe6 fxe6 22. Nxe6 Bxb5 23. Nxf8+ Nf7 24. Bxb5 Rxf8 25. Qd5 Ne7 26. Qxb7 Re8 27. Bxe8 Kf8 28. Bxf7 Kxf7 29. Qxe4 Ng6 30. Rfe1 Kf6 31. Rad1 b5 32. Qe6+ Kg5 33. Rd5+ Kh4 34. Qh3# 1-0